LIBRARY & INFORMATION CENTRE, KCAET, TAVANUR

ONLINE PUBLIC ACCESS CATALOGUE (OPAC)

Normal view MARC view
  • Somani, L. L .

Entry Personal Name

Number of records used in: 5

001 - CONTROL NUMBER

  • control field: 1568

003 - CONTROL NUMBER IDENTIFIER

  • control field: OSt

005 - DATE AND TIME OF LATEST TRANSACTION

  • control field: 20160927151446.0

008 - FIXED-LENGTH DATA ELEMENTS

  • fixed length control field: 160927|| aca||aabn | a|a d

040 ## - CATALOGING SOURCE

  • Original cataloging agency: OSt
  • Transcribing agency: OSt

100 ## - HEADING--PERSONAL NAME

  • Personal name: Somani, L. L .

670 ## - SOURCE DATA FOUND

  • Source citation: Work cat.: (OSt)9951: Somani, L. L ., Dictionary of Soils and Fertilizers, VOL - IV, Part 5 / , 1989.
free website counter